Asombrándose ante el mundo: manual del profesor para acompañar a Kio y Gus. Capítulo VI
Сохранить в:
| Главные авторы: | , |
|---|---|
| Формат: | |
| Язык: | испанский |
| Опубликовано: |
Madrid
De la Torre
1993
|
| Серии: | Proyecto Didáctico Quirón. Programa Filosofía para Niños
|
| Предметы: | |
| Метки: |
Добавить метку
Нет меток, Требуется 1-ая метка записи!
|
MARC
| LEADER | 00000nam a2200000 a 4500 | ||
|---|---|---|---|
| 001 | UCN1865 | ||
| 003 | CL-VaPUC | ||
| 008 | 010504e19930000SP |||||||||||||||||spa|d | ||
| 082 | 0 | 4 | |a 808.0683 |b LIP |2 21 |
| 100 | |a Lipman, Matthew |e autor |9 414481 | ||
| 700 | 0 | |a Sharp, Ann Margaret |e author |9 457376 | |
| 245 | 1 | 0 | |a Asombrándose ante el mundo: manual del profesor para acompañar a Kio y Gus. Capítulo VI |
| 300 | |a pág. irreg | ||
| 942 | |c BK | ||
| 945 | |d 20010504 00:00:00 |a cmena | ||
| 260 | |a Madrid |b De la Torre |c 1993 | ||
| 500 | |a En forma separada texto: Kio y Gus | ||
| 650 | 0 | |a Literatura infantil |9 307465 | |
| 650 | 7 | |a FILOSOFIA PARA NIÑOS |2 CL-VaPUC |9 457377 | |
| 650 | 0 | |a Métodos de enseñanza |9 270413 | |
| 583 | |a last modification |c 20010504 00:00:00 |k Rodrigo Vera | ||
| 490 | 0 | |a Proyecto Didáctico Quirón. Programa Filosofía para Niños | |
| 999 | |c 295090 |d 295088 | ||
| 952 | |0 0 |1 0 |4 0 |6 808_068300000000000_LIP_1993 |7 0 |8 P |9 348014 |a BIBEDU |b BIBEDU |c BIBEDU_PB |d 2019-11-20 |i 3698408 |o 808.0683 LIP 1993 |p 3698408 |r 2024-01-25 |w 2019-11-20 |y BK |k EPE | ||
| 952 | |0 0 |1 0 |4 0 |6 808_068300000000000_LIP_1993 |7 0 |8 P |9 348015 |a BIBEDU |b BIBEDU |c BIBEDU_PB |d 2019-11-20 |i 3723143 |o 808.0683 LIP 1993 |p 3723143 |r 2024-01-25 |w 2019-11-20 |y BK |k EPE | ||